Ιστορία και φιλοσοφία των επιστημών στον ελληνικό χώρο : (17ος - 19ος αι.)

Αποθηκεύτηκε σε:
Λεπτομέρειες βιβλιογραφικής εγγραφής
Συγγραφή απο Οργανισμό/Αρχή: Ινστιτούτο Νεοελληνικών Ερευνών (Εθνικό Ίδρυμα Ερευνών)
Άλλοι συγγραφείς: Βλαχάκης, Γιώργος Ν., Καράς, Γιάννης, 1934-2018 (Επιμελητής έκδοσης)
Μορφή: Βιβλίο
Γλώσσα:Greek
Δημοσίευση: Αθήνα : Μεταίχμιο, c2003.
Σειρά:Επιστήμες (Μεταίχμιο)
Θέματα:
Ετικέτες: Προσθήκη ετικέτας
Δεν υπάρχουν, Καταχωρήστε ετικέτα πρώτοι!

MARC

LEADER 00000cam a2200000 i 4500
001 1/46245
008 060309t2003 gr | ||| |||| ||gre||
020 |a 9603756148 
035 |l 10088325 
040 |a GR-MyUA  |b gre  |e AACR2 
041 0 |a gre 
082 0 |a 509.495   |2 (22)  
245 1 0 |a Ιστορία και φιλοσοφία των επιστημών στον ελληνικό χώρο :   |b (17ος - 19ος αι.) /   |c συγγραφείς Γιώργος Βλαχάκης - Δημ. Καραμπερόπουλος - Γιάννης Καράς ... [και ά.] ; συντονισμός, επιστημονική επιμέλεια Γιάννης Καράς.  
260 |a Αθήνα :   |b Μεταίχμιο,   |c c2003.  
300 |a 781 σ. ;   |c 24 εκ.  
490 1 |a (Επιστήμες (Μεταίχμιο))  
500 |a Εθνικό Ίδρυμα Ερευνών.Κέντρο Νεοελληνικών Ερευνών, 80. Ιστορία και φιλοσοφία των επιστημών, 15ος - 20ός αιώνας. 
504 |a Περιλαμβάνει βιβλιογραφίες και ευρετήριο. 
650 0 0 |a Science  |z Greece  |x History. 
650 0 0 |a Science  |x Philosophy. 
700 1 |a Βλαχάκης, Γιώργος Ν. 
700 1 |a Καράς, Γιάννης,   |d 1934-2018,  |e edt 
710 2 |a Ινστιτούτο Νεοελληνικών Ερευνών (Εθνικό Ίδρυμα Ερευνών) 
830 0 |a Επιστήμες (Μεταίχμιο) 
852 |a INST  |b LESVOS  |c EUDOXUS  |e 20160421  |h 509.495 ΙΣΤ  |p 005100057563  |q 005100057563  |t EDX  |y 0 
852 |a INST  |b RHODES  |e 20060309  |h 509.495 ΙΣΤ  |p 005400021249  |q 005400021249  |t BK  |y 0 
852 |a INST  |b SAMOS  |c EUDOXUS  |e 20170110  |h 509.495 ΙΣΤ  |p 005300044096  |q 005300044096  |t EDX  |y 0 
852 |a INST  |b SYROS  |e 20070614  |h 509.495 ΙΣΤ  |p 005500007298  |q 005500007298  |t BK  |y 0 
901 |a BIBL5-2007-2 
901 |a BIBL4-2006-1 
909 |a Ε  |b 129744 
909 |a Ρ  |b 123355 
920 |a Εύδοξος  |b Παραγγελία  |y Λέσβος-ΤΠΤΕ  |z 04-2016 
920 |a Εύδοξος  |b Παραγγελία  |y Σάμος-ΤΜΑΘ  |z 2016-12 
922 |a 5ΕΛΗ  |b 200610  |c Βιβλιοθήκη Σύρου  |d Glorybook 
950 |a 188-2006-10-10 
970 |a Καγιαβά  |b Ειρήνη  |z 2007/06/14